| 000 | 00869nam a2200229 a 4500 | ||
|---|---|---|---|
| 001 | 47446 | ||
| 003 | BD-RjUL | ||
| 005 | 20211209054321.0 | ||
| 008 | 160808s2013 bg ||||| |||| 00| 0 ben d | ||
| 020 |
_a9789848934456 _c: Tk. 450.00 |
||
| 035 | _a(BD-RjUL)47565 | ||
| 040 |
_aBD-RjUL _beng _cBD-RjUL |
||
| 041 | _aeng | ||
| 082 |
_a509.2 _bPAB 2013 |
||
| 100 |
_aপাল, নিশীথ কুমার _9119563 |
||
| 245 | 1 | 0 |
_aবিশ্ববিজ্ঞানের উজ্জ্বল নক্ষত্র / _cনিশীথ কুমার পাল |
| 260 |
_aঢাকা : _bআলেয়া বুক ডিপো., _c২০১৩ |
||
| 300 |
_a৩২০ পৃ. ; _c২০ সেমি. |
||
| 650 |
_aবিজ্ঞানী _xইতিহাস _y১৯ শতক _9144292 |
||
| 650 |
_aScientist _xHistory _z19 century _9144293 |
||
| 942 |
_2ddc _cBK |
||
| 999 |
_c47446 _d47446 |
||